| 000 -LEADER |
| fixed length control field |
00865nam a2200253 a 4500 |
| 001 - CONTROL NUMBER |
| control field |
18313 |
| 003 - CONTROL NUMBER IDENTIFIER |
| control field |
BD-DhUAP |
| 005 - DATE AND TIME OF LATEST TRANSACTION |
| control field |
20200309143345.0 |
| 008 - FIXED-LENGTH DATA ELEMENTS--GENERAL INFORMATION |
| fixed length control field |
100214s1993 ii ab 001 0 eng d |
| 020 ## - INTERNATIONAL STANDARD BOOK NUMBER |
| International Standard Book Number |
9788131702420 |
| 040 ## - CATALOGING SOURCE |
| Original cataloging agency |
DB-DhAAL |
| Transcribing agency |
DB-DhAAL |
| Modifying agency |
|
| -- |
DB-DhAAL |
| Language of cataloging |
Eng |
| 082 00 - DEWEY DECIMAL CLASSIFICATION NUMBER |
| Edition number |
23 |
| Classification number |
621.38254 PRI |
| 100 1# - MAIN ENTRY--PERSONAL NAME |
| Personal name |
Pritchard, Wilbur L. |
| 245 10 - TITLE STATEMENT |
| Title |
Satellite communication systems engineering / |
| Statement of responsibility, etc. |
Wilbur L. Pritchard, Henri G. Suyderhoud anf Robert A. Nelson. |
| 250 ## - EDITION STATEMENT |
| Edition statement |
2nd ed. |
| 260 ## - PUBLICATION, DISTRIBUTION, ETC. |
| Place of publication, distribution, etc. |
New Delhi : |
| Name of publisher, distributor, etc. |
Pearson Education, |
| Date of publication, distribution, etc. |
c1993. |
| 300 ## - PHYSICAL DESCRIPTION |
| Extent |
xviii, 547 pages : |
| Other physical details |
illustrations ; |
| Dimensions |
25 cm. |
| 504 ## - BIBLIOGRAPHY, ETC. NOTE |
| Bibliography, etc. note |
Includes bibliographical references and index. |
| 650 #0 - SUBJECT ADDED ENTRY--TOPICAL TERM |
| Topical term or geographic name entry element |
Artificial satellites in telecommunication |
| General subdivision |
Systems engineering. |
| 700 1# - ADDED ENTRY--PERSONAL NAME |
| Personal name |
Suyderhoud, Henri G. |
| 700 1# - ADDED ENTRY--PERSONAL NAME |
| Personal name |
Nelson, Robert A. |
| 942 ## - ADDED ENTRY ELEMENTS (KOHA) |
| Source of classification or shelving scheme |
|
| Koha item type |
Book |